Thank You! You're Welcome! Quiz Stats

 Plays Quiz Updated Aug 14, 2015

Challenge
Share
Tweet
Embed
Score 0/22 Timer 05:00
1 Play Today
Thank you! Language % Correct
GraciasSpanish
99.1%
DankeGerman
96.5%
Merci French
95.5%
GrazieItalian
94.6%
谢谢 (xièxie)Chinese
94.1%
どうもありがとう (dōmo arigatō)Japanese
84.1%
Cпасибо (spasiba)Russian
83.4%
شكرا جزيل (shukran jazīlan)Arabic
70.4%
Ευχαριστώ (Efharistó)Greek
69.4%
감사합니다 (kamsahamnida)Korean
66%
Dank uDutch
65.7%
Thank you! Language % Correct
MahaloHawaiian
60.8%
ObrigadoPortuguese
56.3%
תודה (toda)Hebrew
49.6%
DziękujęPolish
46.4%
Xin cảm ơnVietnamese
43.4%
Takk Norwegian
43%
Kiitoksia oikein paljonFinnish
30.2%
Gratias tibi agoLatin
29.8%
Asante sanaSwahili
26.9%
Hvala lijepa Serbo-Croatian (Croatian)
21.3%
SiyabongaZulu
9.5%

You're not logged in!

Compare scores with friends on all Sporcle quizzes.
OR
Log In

You Might Also Like...

Show Comments

Extras

Top Quizzes Today


Score Distribution

Your Account Isn't Verified!

In order to create a playlist on Sporcle, you need to verify the email address you used during registration. Go to your Sporcle Settings to finish the process.

Report this User

Report this user for behavior that violates our Community Guidelines.

Details: